• 首页
  • 本馆介绍
  • 公告通知
  • 最新文献
  • 馆藏检索
  • 电子资源
  • 读者导购
  • 参考咨询
  • 我的图书馆
  • 登录
  • 详细信息显示
  • 放入我的书架
  • 预约/预借图书
  • 作者相关作品
  • 分类相关作品
  • 丛书相关作品
  • 出版社相关作品

书目信息

  • 表格格式
  • 工作单格式
  • 卡片格式
题名:
生物物理学
    
 
作者: 庞小峰 编著
分册:  
出版信息: 成都   电子科技大学出版社  2013
页数: 306页
开本: 24cm
丛书名:
单 册:
中图分类: Q6
科图分类:
主题词: 生物物理学--研究生--教材 , 生物物理学
电子资源:
ISBN: 978-7-5647-1418-5
000 00966nam0 2200253 450
001 012015000719
005 20150914155720.67
010    @a978-7-5647-1418-5@dCNY60.00
100    @a20140429d2013 em y0chiy50 ea
101 0  @achi
102    @aCN@b510000
105    @aa z 000yy
106    @ar
200 1  @a生物物理学@Asheng wu wu li xue@f庞小峰编著
210    @a成都@c电子科技大学出版社@d2013
215    @a306页@c图@d24cm
300    @a电子科技大学研究生系列教材建设项目
330    @a本书重点介绍了作为生物物理学的物质基础的细胞的结构与功能,以及建立在这个基础上的脑和神经系统、视觉和听觉系统及血液循环系统等几大主要生物学系统的结构、组成、特性和功能。同时对当前生物物理学关心的自由基、生物能力学、生物组织的特性及形成等几个基本问题作了较为详细的介绍。
606 0  @a生物物理学@x研究生@j教材
606 0  @a生物物理学
690    @aQ6@v5
701  0 @a庞小峰@Apang xiao feng@f(1945.12~)@4编著
801  0 @aCN@b碧洲教育@c20150718
905    @a10447@f4@dQ6@e26
    
    生物物理学/庞小峰编著.-成都:电子科技大学出版社,2013
    306页:图;24cm
    电子科技大学研究生系列教材建设项目
    
    ISBN 978-7-5647-1418-5:CNY60.00
    本书重点介绍了作为生物物理学的物质基础的细胞的结构与功能,以及建立在这个基础上的脑和神经系统、视觉和听觉系统及血液循环系统等几大主要生物学系统的结构、组成、特性和功能。同时对当前生物物理学关心的自由基、生物能力学、生物组织的特性及形成等几个基本问题作了较为详细的介绍。
●
相关链接 在E读中查询图书 在五车中查询图书 在当当中查询图书 在豆瓣中查询图书


正题名:生物物理学     索取号:Q6/26         预约/预借

序号 登录号 条形码 馆藏地/架位号 状态 备注
1 0848312   208483121   第二样本阅览室/ [索取号:Q6/26] 在馆    
2 0848313   208483130   第三借阅区/ [索取号:Q6/26] 在馆    
3 0848314   208483149   第三借阅区/ [索取号:Q6/26] 在馆    
4 0848315   208483158   密集书库-生命科学系/ [索取号:Q6/26] 在馆    
唐山师范学院图书馆 欢迎您!
大连网信软件有限公司© 版权所有